| 000 | 01229cam a22003014a 4500 | ||
|---|---|---|---|
| 001 | 15162859 | ||
| 003 | OSt | ||
| 005 | 20230704104541.0 | ||
| 008 | 080131s2007 sz 100 0 eng | ||
| 010 | _a 2008365286 | ||
| 020 | _a9789291423538 | ||
| 040 |
_aDLC _cDLC _dDLC |
||
| 082 |
_a340.11 _bIPU |
||
| 245 | 0 | 0 |
_aLaw and justice : _bthe case for parliamentary scrutiny : seminar for members of parliamentary human rights bodies organized jointly by the Association for the Prevention of Torture, the Inter-Parliamentary Union and the International Commission of Jurists : Geneva, IPU Headquarters, 25-27 September 2006. |
| 260 |
_aGeneva : _bIPU, _c2007. |
||
| 300 |
_a124 p. _c29 cm. |
||
| 490 | 0 |
_aReports and documents ; _vno. 51 |
|
| 650 | 0 |
_aCriminal justice, Administration of _vCongresses. |
|
| 650 | 0 |
_aJudicial power _vCongresses. |
|
| 650 | 0 |
_aDue process of law _vCongresses. |
|
| 650 | 0 |
_aTorture _vCongresses. |
|
| 650 | 0 |
_aHuman rights _vCongresses. |
|
| 650 | 0 |
_aLegislative power _vCongresses. |
|
| 856 | 4 | 1 |
_3Table of contents _uhttp://www.loc.gov/catdir/toc/fy0803/2008365286.html |
| 906 |
_a7 _bcbc _corignew _d2 _encip _f20 _gy-gencatlg |
||
| 942 |
_2ddc _cBK |
||
| 999 |
_c3669 _d3669 |
||